000 01076nam a2200277Ia 4500
001 Para_10419
003 CHAP
008 220125sSept xx 000 0 und d
010 _a209099
040 _cCHAP
090 _aPA CD - TESIS 446
100 _aRendón Espíritu, Itzel Guadalupe
_9129908
245 _aEfectividad in vitro de fungicidas alternativos contra Corynespora cassticola Berk & Curt. Agente causal del tizón de la jamaica (Hibiscus sabdariffa L.) en Guerrero, México /
_c Itzel Guadalupe Rendón Espíritu; Director Santos Gerardo Leyva Mir
260 _aChapingo, Méx. :
_b el autor
300 _a1 CDS ROM (51 p.)
502 _aTesis (Ing. Agr. Esp. en Parasitología Agrícola). UACh. Departamento Parasitología Agrícola
700 _aLeyva Mir, Santos Gerardo. Director
_9171335
710 _aUACh Departamento Parasitología Agrícola
901 _aPA CD - TESIS 446
902 _aM
905 _a513220Septiembre,2015 an 8100000000 06
910 _aSept
942 _cPARA
942 _cPARA
_d2
999 _c209099
_d209099